[Event "Olympiad-41"]
[Site "Tromsoe"]
[Date "2014.08.08"]
[Round "6.1"]
[White "Guevara, Carlos"]
[Black "Lodhi, Mahmood"]
[Result "0-1"]
[WhiteElo "2218"]
[BlackElo "2335"]
[PlyCount "60"]
[EventDate "2014.08.02"]
[EventType "team-swiss"]
[EventRounds "11"]
[EventCountry "NOR"]
[SourceTitle "CBM 162"]
[Source "ChessBase"]
[SourceDate "2014.09.17"]
[SourceVersion "1"]
[SourceVersionDate "2014.09.17"]
[SourceQuality "1"]
[WhiteTeam "Nicaragua"]
[BlackTeam "Pakistan"]
[WhiteTeamCountry "NCA"]
[BlackTeamCountry "PAK"]

1. d4 d5 2. Nf3 Nf6 3. c4 c6 4. e3 Bf5 5. Qb3 Qb6 6. Nbd2 e6 7. c5 Qc7 8. Be2 Nbd7 9. Qa4 Be7 10. h3 h6 11. 0-0 0-0 12. b4 b5 13. Qa5 Qc8 14. Nb3 Ne4 15. Qa3 f6 16. Na5 Nb6 17. Bd2 Qd7 18. Be1 Bd8 19. Qc1 Nc4 20. Nb3 Bc7 21. a4 a6 22. Ra2 Bh7 23. Qa1 Qc8 24. h4 g5 25. hxg5 hxg5 26. Nfd2 Kg7 27. Bf3 Nexd2 28. Bxd2 Bd3 29. Re1 Rh8 30. Be2 Rh1+ 0-1

[Event "Managua Sub zt 2.3"]
[Site "Managua"]
[Date "2014.05.01"]
[Round "7"]
[White "Chinchilla Miranda, Eugenio"]
[Black "Guevara, Carlos"]
[Result "1-0"]
[WhiteElo "2170"]
[BlackElo "2240"]
[PlyCount "104"]
[EventDate "2014.04.27"]
[EventType "swiss"]
[EventRounds "9"]
[EventCountry "NCA"]
[SourceTitle "EXT 2015"]
[Source "ChessBase"]
[SourceDate "2014.11.20"]
[SourceVersion "1"]
[SourceVersionDate "2014.11.20"]
[SourceQuality "1"]

1. d4 d5 2. c4 c6 3. Nf3 Nf6 4. Qb3 e6 5. Bg5 Nbd7 6. e3 Bd6 7. Nc3 0-0 8. Be2 Re8 9. 0-0 Qc7 10. c5 Be7 11. Bf4 Qd8 12. Qc2 Nh5 13. Bd3 Nf8 14. Rfe1 Nxf4 15. exf4 Qc7 16. g3 f6 17. b4 b6 18. Rac1 Bd7 19. Re3 bxc5 20. bxc5 Rab8 21. Rce1 Red8 22. R3e2 Be8 23. Kg2 Bh5 24. Nd1 Rb4 25. Qc3 Rdb8 26. Ne3 Bxf3+ 27. Kxf3 e5 28. Nc2 Ra4 29. fxe5 fxe5 30. Rxe5 Bf6 31. R5e3 Rxa2 32. Nb4 Ra4 33. Nc2 Qa5 34. Qxa5 Rxa5 35. Re8 Rxe8 36. Rxe8 Kf7 37. Rc8 Ne6 38. Ke3 Ra4 39. Rxc6 Bxd4+ 40. Nxd4 Nxd4 41. Rc7+ Kf6 42. Bxh7 Ne6 43. Rc8 d4+ 44. Kd2 Ra2+ 45. Bc2 Ke5 46. Re8 Kd5 47. c6 Kd6 48. f4 Ra6 49. f5 Nc7 50. Rg8 Rxc6 51. Rxg7 Rc3 52. Rg4 Kc5 1-0

[Event "Managua Sub zt 2.3"]
[Site "Managua"]
[Date "2014.04.29"]
[Round "4"]
[White "Guevara, Carlos"]
[Black "Robleto, Oscar"]
[Result "1-0"]
[WhiteElo "2240"]
[BlackElo "2108"]
[PlyCount "88"]
[EventDate "2014.04.27"]
[EventType "swiss"]
[EventRounds "9"]
[EventCountry "NCA"]
[SourceTitle "EXT 2015"]
[Source "ChessBase"]
[SourceDate "2014.11.20"]
[SourceVersion "1"]
[SourceVersionDate "2014.11.20"]
[SourceQuality "1"]

1. d4 d6 2. Nf3 Nd7 3. c4 e5 4. Nc3 Ngf6 5. g3 Be7 6. Bg2 c6 7. Qc2 0-0 8. 0-0 Re8 9. h3 Qa5 10. Bd2 Bf8 11. d5 Qc7 12. e4 a6 13. a4 a5 14. Be3 Nc5 15. Ne1 Nfd7 16. Nd3 Nxd3 17. Qxd3 Nc5 18. Qc2 Na6 19. Rac1 Bd7 20. Kh2 Be7 21. Rfd1 c5 22. Rf1 Qd8 23. Qd2 Rf8 24. Rce1 Bf6 25. h4 Nc7 26. Bh3 Bxh3 27. Kxh3 h5 28. Kg2 Qd7 29. Bg5 Bd8 30. Qd1 Bxg5 31. hxg5 g6 32. f4 Qe7 33. Qd2 f6 34. gxf6 Rxf6 35. fxe5 Qxe5 36. Rxf6 Qxf6 37. e5 dxe5 38. Rf1 Qg7 39. d6 Rd8 40. Ne4 Kh8 41. Kg1 Ne8 42. Qd5 Rd7 43. Qe6 Nxd6 44. Nxd6 e4 1-0

[Event "Managua Sub zt 2.3.2"]
[Site "Managua"]
[Date "2001.07.05"]
[Round "6"]
[White "Reyes Najera, Carlos Antonio"]
[Black "Guevara, Carlos"]
[Result "1-0"]
[WhiteElo "2245"]
[BlackElo "2126"]
[PlyCount "112"]
[EventDate "2001.06.30"]
[EventType "swiss"]
[EventRounds "9"]
[EventCountry "NCA"]
[SourceTitle "EXT 2002"]
[Source "ChessBase"]
[SourceDate "2001.11.25"]
[SourceVersion "1"]
[SourceVersionDate "2001.11.25"]
[SourceQuality "1"]

1. d4 d5 2. c4 c6 3. Nc3 Nf6 4. e3 e6 5. Nf3 Be7 6. Bd3 dxc4 7. Bxc4 b5 8. Bd3 Bb7 9. 0-0 a6 10. e4 c5 11. e5 Nfd7 12. Qe2 cxd4 13. Nxd4 Nc5 14. Rd1 Qc7 15. Bc2 Nc6 16. Nf3 Nb4 17. Bb1 Nd5 18. Ne4 Nxe4 19. Bxe4 h6 20. Bd2 Rd8 21. Rac1 Qb8 22. Bb1 Qa8 23. Nd4 h5 24. Nb3 Nb6 25. f4 Nc4 26. Bc3 Rxd1+ 27. Rxd1 Bxg2 28. Qxg2 Qxg2+ 29. Kxg2 Ne3+ 30. Kf3 Nxd1 31. Bd4 Kd7 32. Bc2 Nxb2 33. Bxb2 Kc7 34. f5 exf5 35. Bxf5 Rd8 36. Bc2 a5 37. Nd4 Kb6 38. Bb3 Bc5 39. Ke4 Rd7 40. Bd5 a4 41. Nf5 Bf8 42. Bd4+ Kc7 43. Be3 b4 44. Bf4 Kd8 45. Bg5+ Kc7 46. Bf4 Kd8 47. Nd6 f6 48. Nf7+ Ke7 49. e6 Rxd5 50. Kxd5 b3 51. axb3 axb3 52. Bc1 g5 53. Bb2 g4 54. Nd6 Kd8 55. Nf5 Ke8 56. Bxf6 Be7 1-0

[Event "Central America-chT 7th"]
[Site "Guatemala City"]
[Date "2001.??.??"]
[Round "4"]
[White "Guevara Sanchez, Erick Marvin"]
[Black "Guevara, Carlos"]
[Result "1-0"]
[WhiteElo "2186"]
[BlackElo "2126"]
[PlyCount "63"]
[EventDate "2001.12.??"]
[EventType "team"]
[EventRounds "5"]
[EventCountry "GUA"]
[SourceTitle "EXT 2003"]
[Source "ChessBase"]
[SourceDate "2002.11.25"]
[SourceVersion "1"]
[SourceVersionDate "2002.11.25"]
[SourceQuality "1"]

1. e4 d6 2. c4 Nf6 3. Nc3 Nbd7 4. g3 e5 5. Bg2 Be7 6. Nge2 c6 7. 0-0 0-0 8. Rb1 Nb6 9. b3 d5 10. cxd5 cxd5 11. d4 exd4 12. Nxd4 dxe4 13. Nxe4 Nbd5 14. Bb2 Nxe4 15. Bxe4 Nf6 16. Bg2 Bg4 17. Qd3 Qd7 18. Qb5 Qxb5 19. Nxb5 a6 20. Nc7 Rab8 21. Be5 Rfd8 22. h3 Bf5 23. Rbd1 Bd3 24. Rfe1 Bb4 25. Re3 Bc2 26. Rxd8+ Rxd8 27. Bxb7 Rd1+ 28. Kg2 Bd2 29. Bf3 Bxe3 30. Bxd1 Bxf2 31. Bxc2 Bb6 32. Bxf6 1-0

[Event "Olympiad-33"]
[Site "Elista"]
[Date "1998.10.09"]
[Round "10.2"]
[White "Guevara, Carlos"]
[Black "Cutter, Paul J"]
[Result "1/2-1/2"]
[WhiteElo "2110"]
[BlackElo "2160"]
[PlyCount "56"]
[EventDate "1998.09.29"]
[EventType "team-swiss"]
[EventRounds "13"]
[EventCountry "RUS"]
[SourceTitle "CBM 068"]
[Source "ChessBase"]
[SourceDate "1999.02.01"]
[SourceVersion "1"]
[SourceVersionDate "1999.02.01"]
[SourceQuality "1"]
[WhiteTeam "Nicaragua"]
[BlackTeam "Guernsey"]
[WhiteTeamCountry "NCA"]
[BlackTeamCountry "GCI"]

1. d4 Nf6 2. c4 e5 3. dxe5 Ng4 4. Nf3 Nc6 5. e3 Bb4+ 6. Nbd2 Ngxe5 7. Nxe5 Nxe5 8. Be2 0-0 9. 0-0 d5 10. cxd5 Qxd5 11. Nc4 Qxd1 12. Rxd1 Nxc4 13. Bxc4 Bf5 14. Bd2 Bxd2 15. Rxd2 Rad8 16. Rad1 Rxd2 17. Rxd2 Re8 18. f3 Kf8 19. Kf2 Be6 20. Rd4 Bxc4 21. Rxc4 c6 22. Ra4 Rd8 23. Ke2 a6 24. e4 Ke7 25. Rc4 Ke6 26. a4 Ke5 27. Rc5+ Ke6 28. Rc4 Ke5 1/2-1/2

[Event "Olympiad-33"]
[Site "Elista"]
[Date "1998.10.05"]
[Round "7.2"]
[White "Freyre Forest, Jorge"]
[Black "Guevara, Carlos"]
[Result "0-1"]
[WhiteElo "2215"]
[BlackElo "2110"]
[PlyCount "84"]
[EventDate "1998.09.29"]
[EventType "team-swiss"]
[EventRounds "13"]
[EventCountry "RUS"]
[SourceTitle "CBM 068"]
[Source "ChessBase"]
[SourceDate "1999.02.01"]
[SourceVersion "1"]
[SourceVersionDate "1999.02.01"]
[SourceQuality "1"]
[WhiteTeam "Puerto Rico"]
[BlackTeam "Nicaragua"]
[WhiteTeamCountry "PUR"]
[BlackTeamCountry "NCA"]

1. e4 c5 2. c3 Nc6 3. Nf3 d5 4. exd5 Qxd5 5. d4 Bg4 6. Be2 e6 7. h3 Bh5 8. Be3 cxd4 9. cxd4 Nf6 10. Nc3 Bb4 11. 0-0 Qa5 12. Na4 0-0 13. a3 Bd6 14. b4 Qd8 15. Nc5 Rb8 16. Rc1 Ne7 17. Qa4 a6 18. b5 a5 19. b6 Qxb6 20. d5 Nexd5 21. Nd7 Qb2 22. Nxb8 Rxb8 23. Rc2 Qxa3 24. Ra1 Qxa4 25. Rxa4 Nxe3 26. fxe3 Bb4 27. Ra1 Nd5 28. Kf2 Bg6 29. Rcc1 f6 30. Nd4 Bd2 31. Rd1 Bxe3+ 32. Kf3 Bxd4 33. Rxd4 b5 34. Rxa5 b4 35. Ra2 Nc3 36. Rb2 Nxe2 37. Kxe2 b3 38. Rd7 Bc2 39. Kd2 h5 40. g3 Rb5 41. Rc7 Rd5+ 42. Ke3 Rd3+ 0-1

[Event "Olympiad-33"]
[Site "Elista"]
[Date "1998.10.03"]
[Round "5.2"]
[White "Guevara, Carlos"]
[Black "Jones, Iolo Cerredig"]
[Result "0-1"]
[WhiteElo "2110"]
[BlackElo "2255"]
[PlyCount "76"]
[EventDate "1998.09.29"]
[EventType "team-swiss"]
[EventRounds "13"]
[EventCountry "RUS"]
[SourceTitle "CBM 068"]
[Source "ChessBase"]
[SourceDate "1999.02.01"]
[SourceVersion "1"]
[SourceVersionDate "1999.02.01"]
[SourceQuality "1"]
[WhiteTeam "Nicaragua"]
[BlackTeam "Wales"]
[WhiteTeamCountry "NCA"]
[BlackTeamCountry "WLS"]

1. d4 Nf6 2. Nf3 d6 3. g3 Nbd7 4. c4 e5 5. Nc3 Be7 6. Bg2 0-0 7. 0-0 c6 8. Qc2 Re8 9. Rd1 Bf8 10. dxe5 dxe5 11. b3 Qc7 12. Bb2 a5 13. Rac1 Nc5 14. Ng5 Bg4 15. h3 Bh5 16. Ba3 Bg6 17. Qb2 e4 18. h4 e3 19. f4 Nh5 20. Kh2 Nxf4 21. Bf3 Nh5 22. Bxh5 Bxh5 23. Bxc5 Bxc5 24. Nge4 Be7 25. c5 Rad8 26. Rf1 Bg6 27. Kg2 f5 28. h5 Bxh5 29. Rxf5 Bg6 30. Rf4 Qe5 31. Qa3 Rd4 32. Nd6 Bxd6 33. cxd6 Rxf4 34. gxf4 Qxf4 35. d7 Qg4+ 36. Kh2 Qxd7 37. Qxa5 Rf8 38. Qe5 Re8 0-1

[Event "Central America-ch"]
[Site "Mexico City"]
[Date "1997.??.??"]
[Round "?"]
[White "Guevara, Carlos"]
[Black "Juarez Flores, Jorge Guillermo"]
[Result "1/2-1/2"]
[WhiteElo "2165"]
[BlackElo "2235"]
[PlyCount "27"]
[EventDate "1997.??.??"]
[EventType "swiss"]
[EventRounds "7"]
[EventCountry "MEX"]
[SourceTitle "EXT 2000"]
[Source "ChessBase"]
[SourceDate "1999.11.16"]
[SourceVersion "1"]
[SourceVersionDate "1999.11.16"]
[SourceQuality "1"]

1. d4 d5 2. c4 e6 3. Nc3 Nf6 4. Nf3 c6 5. Bg5 Nbd7 6. e3 Qa5 7. Bxf6 Nxf6 8. Bd3 dxc4 9. Bxc4 Nd5 10. Qc2 Bb4 11. Rc1 0-0 12. 0-0 Nxc3 13. bxc3 Bd6 14. Bd3 1/2-1/2

[Event "Central America-ch"]
[Site "Mexico City"]
[Date "1997.??.??"]
[Round "?"]
[White "Hernandez Basante, Francisco"]
[Black "Guevara, Carlos"]
[Result "1-0"]
[WhiteElo "2250"]
[BlackElo "2165"]
[PlyCount "69"]
[EventDate "1997.??.??"]
[EventType "swiss"]
[EventRounds "7"]
[EventCountry "MEX"]
[SourceTitle "EXT 2000"]
[Source "ChessBase"]
[SourceDate "1999.11.16"]
[SourceVersion "1"]
[SourceVersionDate "1999.11.16"]
[SourceQuality "1"]

1. d4 Nf6 2. Bg5 Ne4 3. Bf4 d6 4. f3 Nf6 5. e4 g6 6. Nc3 Bg7 7. Qd2 0-0 8. 0-0-0 Re8 9. g4 Nfd7 10. h4 c5 11. h5 cxd4 12. hxg6 fxg6 13. Bc4+ e6 14. Nb5 Ne5 15. Bb3 Nf7 16. Qh2 h6 17. Nxd6 Nxd6 18. Bxd6 Nc6 19. Ne2 Bd7 20. f4 Kf7 21. e5 Na5 22. Nxd4 Nxb3+ 23. Nxb3 Bc6 24. Rhf1 Rc8 25. f5 Qg5+ 26. Kb1 Be4 27. Nc5 Rxc5 28. fxe6+ Kg8 29. Bxc5 Rxe6 30. Qf4 Qxf4 31. Rxf4 Rxe5 32. Bxa7 g5 33. Rd8+ Kh7 34. Rf7 Rd5 35. Bd4 1-0